| 000 | 01262cam a2200325 i 4500 | ||
|---|---|---|---|
| 001 | 4434093 | ||
| 003 | EG-ScBUE | ||
| 005 | 20250624085541.0 | ||
| 008 | 940727s2007 ne a f b 001 0 eng | ||
| 020 | _a978012088613 | ||
| 040 |
_aEG-ScBUE _beng _erda _cEG-ScBUE _dEG-ScBUE |
||
| 082 | 0 | 4 |
_a537.623 _222 _bSUP |
| 245 | 0 | 0 |
_aSuperconductivity / _cCharles P. Poole, Jr., Department of Physics and Astronomy, University of South Carolina, Columbia, South Carolina, [and three others] |
| 250 | _aSecond edition. | ||
| 264 | 1 |
_aAmesterdam : _bElsevier, _c2007. |
|
| 300 |
_axxiii, 646 pages : _billustrations ; _c27 cm |
||
| 336 |
_2rdacontent _atext _btxt |
||
| 337 |
_aunmediated _2rdamedia _bn |
||
| 338 |
_avolume _bnc _2rdacarrier |
||
| 504 | _aIncludes bibliographical references and index. | ||
| 650 | 7 |
_aSuperconductivity. _95433 _2BUEsh |
|
| 655 | _vReading book | ||
| 700 | 1 |
_aPoole, Charles P., _eauthor. |
|
| 700 | 1 |
_aFarach, Horacio A., _95434 _eauthor. |
|
| 700 | 1 |
_aCreswick, Richard J., _95435 _eauthor. |
|
| 700 | 1 |
_aProzorov, Ruslan, _eauthor. |
|
| 856 | 4 | 2 |
_3Publisher description _uhttp://www.loc.gov/catdir/description/els032/94031853.html |
| 856 | 4 | 1 |
_3Table of contents _uhttp://www.loc.gov/catdir/toc/els032/94031853.html |
| 942 |
_2ddc _cBB |
||
| 999 |
_c11646 _d11646 |
||